Culture G #3 - Statistiques

Statistiques générales
  • Ce quiz a été pris 118 fois
  • Le résultat moyen est 10 sur 20
Statistiques - réponses
Questions Réponses % Correct
Quelle ville est surnommée "la ville rose" Toulouse
94%
Dans la semaine, quel est le jour de la lune Lundi
89%
Qui a peint le plafond de la chapelle Sixtine au Vatican Michel-Ange
70%
En quelle année est sortie l'iPhone X 2017
69%
Dans quel pays se situe la plus haute statut de Bouddha Chine
68%
Quel milliardaire détient le groupe Canal Vincent Bolloré
62%
Quel philosophe a théoriser le communisme Karl Marx
61%
Par quel adjectif qualifie on un animal qui voit la nuit Nyctalope
59%
Dans quel pays est né Bruce Lee Etats-Unis
57%
Qui a écrit "les Rougon-Macquart" Emile Zola
53%
Quel est le nom du nuage le plus dangereux pour un avion Le cumulonimbus
53%
Quelle française a été invité au MET gala en 2022 Léna Situation
48%
Quelle IA française a été développée par Mistral Le Chat
37%
Combien de temps à duré la guerre de 100 ans 116 ans
34%
Combien vaut 0 kelvin en degrés Celsius -273°C
32%
Au golf, si on joue deux coups sous le par, on dit qu'on a fait un...(compléter) Eagle
28%
Quel sultan régnait lors de l'apogée de l'empire Ottoman Soliman
20%
Quelle compétition récompense l'homme avec la meilleure musculature au monde Mr Olympia
16%
Quel auteur contemporain d'Homère a écrit l'Enéide Virgile
16%
Quel est le nom de la deuxième pyramide de Gizeh Khephren
14%
Aucun quiz correspondant
Distribution des résultats
% des personnes avec chaque résultat
Percentile par nombre de réponses
Votre historique - résultats
Vous n’avez pas pris ce quiz